[Event "Skovbo GM"]
[Site "Borup"]
[Date "2012.09.23"]
[Round "9"]
[White "Jepson, Christian"]
[Black "Rostgaard, Tobias Valentin"]
[Result "1-0"]
[WhiteElo "2388"]
[BlackElo "2227"]
[PlyCount "81"]
[EventDate "2012.09.14"]
[EventType "swiss"]
[EventRounds "9"]
[EventCountry "DEN"]
[Source "ChessBase"]
[SourceDate "2012.10.19"]

1. d4 d5 2. Nf3 Nf6 3. c4 c6 4. Nc3 dxc4 5. a4 Bf5 6. e3 e6 7. Bxc4 Bb4 8. O-O
O-O 9. Qe2 Bg6 10. Ne5 Nbd7 11. Nxg6 hxg6 12. Rd1 Qa5 13. Na2 Qxa4 14. e4 e5
15. dxe5 Nxe5 16. Bf4 Nxc4 17. Qxc4 c5 18. e5 Nh7 19. b3 Qa3 20. Nc3 Qb2 21.
Na4 b5 22. Qxb5 Qc2 23. Rac1 Qe4 24. Qc4 Qxc4 25. Rxc4 Rfd8 26. Rdc1 Rac8 27.
Kf1 Nf8 28. Be3 Nd7 29. e6 Nb6 30. exf7+ Kf8 31. Bxc5+ Bxc5 32. Rxc5 Rxc5 33.
Nxc5 Kxf7 34. Ra1 Nc8 35. Ke2 Rd5 36. Ra5 Re5+ 37. Kd2 Rh5 38. h3 Rg5 39. g3
Rd5+ 40. Ke2 Re5+ 41. Kd3 1-0

[Event "Skovbo GM"]
[Site "Borup"]
[Date "2012.09.23"]
[Round "9"]
[White "Kristiansen, Jens"]
[Black "Sorensen, Dick"]
[Result "1-0"]
[WhiteElo "2430"]
[BlackElo "2041"]
[PlyCount "71"]
[EventDate "2012.09.14"]
[EventType "swiss"]
[EventRounds "9"]
[EventCountry "DEN"]
[Source "ChessBase"]
[SourceDate "2012.10.19"]

1. d4 d5 2. c4 e6 3. Nc3 c6 4. Nf3 f5 5. g3 Nf6 6. Bg2 Bd6 7. O-O O-O 8. Qc2
Qe8 9. Rb1 Ne4 10. b4 a6 11. a4 Nd7 12. b5 axb5 13. axb5 Ndf6 14. c5 Nxc3 15.
Qxc3 Ne4 16. Qd3 Bc7 17. Bf4 e5 18. Bxe5 Bxe5 19. Nxe5 Nxc5 20. Qc2 Ne4 21. f3
Nf6 22. bxc6 bxc6 23. Qxc6 Qxc6 24. Nxc6 Ba6 25. Rf2 Rfe8 26. Ne5 Rec8 27. e3
Bc4 28. Rc2 g6 29. Rbc1 Ba6 30. Kf2 Rxc2+ 31. Rxc2 Rc8 32. Ra2 Bc4 33. Rb2 Ra8
34. g4 fxg4 35. fxg4 Ra2 36. Nxc4 1-0

[Event "Skovbo GM"]
[Site "Borup"]
[Date "2012.09.23"]
[Round "9"]
[White "Larsen, Karsten"]
[Black "Knudsen, Jes West"]
[Result "1-0"]
[WhiteElo "2288"]
[BlackElo "1892"]
[PlyCount "65"]
[EventDate "2012.09.14"]
[EventType "swiss"]
[EventRounds "9"]
[EventCountry "DEN"]
[Source "ChessBase"]
[SourceDate "2012.10.19"]

1. e4 e5 2. Bc4 Nf6 3. d3 c6 4. Nf3 d5 5. Bb3 Bc5 6. Qe2 O-O 7. O-O dxe4 8.
dxe4 Bg4 9. Re1 a5 10. a3 a4 11. Ba2 Qa5 12. Nbd2 Qa7 13. h3 Bh5 14. g4 Bxg4
15. hxg4 Nxg4 16. Rf1 b5 17. Ng5 h5 18. Ndf3 Nd7 19. Nh4 g6 20. Nxg6 Kg7 21.
Nxf8 Rxf8 22. Kg2 Ndf6 23. Bd2 h4 24. Rae1 Qe7 25. f3 Nh6 26. Rh1 Nh5 27. Rxh4
Nf4+ 28. Bxf4 exf4 29. Rh5 Rg8 30. Kf1 Qf6 31. c3 Qg6 32. Qh2 Kf8 33. Rxh6 1-0

[Event "Skovbo GM"]
[Site "Borup"]
[Date "2012.09.23"]
[Round "9"]
[White "Marthedal, Anton Mehmet Yildiz"]
[Black "Hagerup, Per"]
[Result "1-0"]
[WhiteElo "1352"]
[BlackElo "1660"]
[PlyCount "73"]
[EventDate "2012.09.14"]
[EventType "swiss"]
[EventRounds "9"]
[EventCountry "DEN"]
[Source "ChessBase"]
[SourceDate "2012.10.19"]

1. c4 Nf6 2. Nc3 g6 3. g3 Bg7 4. Bg2 O-O 5. Nf3 c6 6. e4 d6 7. O-O Qc7 8. d3
Nbd7 9. Be3 Ng4 10. Bd2 e5 11. h3 Nh6 12. Qc1 Nc5 13. Ne1 Nf5 14. exf5 Bxf5 15.
Ne4 Nxe4 16. dxe4 Be6 17. b3 f5 18. Bh6 fxe4 19. Bxg7 Kxg7 20. Bxe4 Bxh3 21.
Ng2 Rf7 22. Qc3 Kg8 23. Rad1 Raf8 24. Qd3 Rf6 25. Rd2 Qb6 26. Kh2 Bxg2 27. Kxg2
Qc7 28. Qe3 Rd8 29. Qxa7 Qf7 30. Rfd1 g5 31. Rh1 h5 32. Rhd1 g4 33. Qe3 Kf8 34.
Qg5 Ke7 35. c5 Kf8 36. cxd6 Rdxd6 37. Qxe5 1-0

[Event "Skovbo GM"]
[Site "Borup"]
[Date "2012.09.23"]
[Round "9"]
[White "Nilssen, John Arni"]
[Black "Rhee, Alexander H"]
[Result "1-0"]
[WhiteElo "2372"]
[BlackElo "2183"]
[PlyCount "89"]
[EventDate "2012.09.14"]
[EventType "swiss"]
[EventRounds "9"]
[EventCountry "DEN"]
[Source "ChessBase"]
[SourceDate "2012.10.19"]

1. d4 Nf6 2. c4 c5 3. d5 e6 4. Nc3 exd5 5. cxd5 d6 6. Nf3 a6 7. a4 g6 8. Nd2
Nbd7 9. e4 Bg7 10. Be2 O-O 11. O-O Re8 12. Kh1 Ne5 13. f3 Rb8 14. Ndb1 Rf8 15.
Na3 Ne8 16. f4 Nd7 17. Bd3 Kh8 18. Bd2 f5 19. exf5 gxf5 20. Qc2 Qf6 21. Rf3 Nc7
22. Rg3 Nb6 23. Qb3 Nd7 24. Nd1 Rg8 25. Bc3 Qf8 26. Ne3 Nf6 27. Bxf5 Bxf5 28.
Nxf5 Ncxd5 29. Bd2 b5 30. axb5 axb5 31. Re1 c4 32. Qf3 Qf7 33. Nc2 Bf8 34. Rh3
Ng4 35. Ncd4 Re8 36. Rxe8 Qxe8 37. Qxd5 Nf2+ 38. Kg1 Nxh3+ 39. Kf1 c3 40. Bxc3
Nxf4 41. Ne6+ Bg7 42. Bxg7+ Rxg7 43. Nfxg7 Qf8 44. Qf3 Nxe6 45. Nxe6 1-0

[Event "Skovbo GM"]
[Site "Borup"]
[Date "2012.09.23"]
[Round "9"]
[White "Olsen, Michael Richard W"]
[Black "Eriksson, Christian Altenburg"]
[Result "0-1"]
[WhiteElo "1997"]
[BlackElo "2118"]
[PlyCount "100"]
[EventDate "2012.09.14"]
[EventType "swiss"]
[EventRounds "9"]
[EventCountry "DEN"]
[Source "ChessBase"]
[SourceDate "2012.10.19"]

1. e4 c5 2. Nf3 Nc6 3. d4 cxd4 4. Nxd4 e5 5. Nf3 Nf6 6. Nbd2 Bc5 7. h3 Qb6 8.
Qe2 O-O 9. c3 d5 10. exd5 Nxd5 11. Nc4 Qc7 12. Be3 Bxe3 13. Nxe3 Nf4 14. Qc2 f6
15. Bc4+ Kh8 16. g3 Na5 17. Bf1 Qc6 18. Qd1 Re8 19. Be2 Nxe2 20. Qxe2 Be6 21.
Rc1 Nc4 22. b3 Nxe3 23. Qxe3 Bd5 24. Ke2 Qa6+ 25. c4 Qxa2+ 26. Kf1 Bc6 27. Kg1
Rad8 28. Kh2 Bxf3 29. Qxf3 e4 30. Qe3 Rd3 31. Ra1 Qxb3 32. Qxa7 Qxc4 33. Qxb7
Rd2 34. Rhf1 e3 35. Rae1 h6 36. Qa7 Qe4 37. Qa5 Qc2 38. Kh1 Re5 39. Qa8+ Kh7
40. Qf3 e2 41. Rg1 Rf5 42. Qg2 Rd1 43. f4 Rd2 44. Qf3 Rb5 45. Rc1 Qf5 46. g4
Qe6 47. f5 Rb3 48. fxe6 Rxf3 49. Rge1 Rxh3+ 50. Kg2 Re3 0-1

[Event "Skovbo GM"]
[Site "Borup"]
[Date "2012.09.23"]
[Round "9"]
[White "Pedersen, Sven"]
[Black "Kokholm, Daniel"]
[Result "1-0"]
[WhiteElo "2121"]
[BlackElo "1914"]
[PlyCount "121"]
[EventDate "2012.09.14"]
[EventType "swiss"]
[EventRounds "9"]
[EventCountry "DEN"]
[Source "ChessBase"]
[SourceDate "2012.10.19"]

1. e4 d6 2. d4 Nf6 3. Nc3 g6 4. Nf3 Bg7 5. h3 O-O 6. Bg5 h6 7. Be3 c6 8. Qd2
Kh7 9. Bd3 Nbd7 10. e5 dxe5 11. dxe5 Nd5 12. Nxd5 cxd5 13. h4 Nb6 14. O-O-O Bg4
15. h5 Nc4 16. hxg6+ fxg6 17. Bxc4 dxc4 18. Qc3 Qc7 19. Rh4 Bxf3 20. gxf3 Qxe5
21. Rxh6+ Kg8 22. Qxe5 Bxe5 23. Rxg6+ Kf7 24. Rg4 Rac8 25. c3 a6 26. Re4 Bf6
27. Rd7 b5 28. Bd4 Rcd8 29. Rb7 Rb8 30. Rxb8 Rxb8 31. Rf4 Ke6 32. Bxf6 exf6 33.
a4 Rh8 34. Re4+ Kd6 35. Rd4+ Ke6 36. axb5 axb5 37. Kd2 Ra8 38. Ke3 Rh8 39. Re4+
Kd5 40. Kf4 Rh2 41. Re2 Rh5 42. Rd2+ Ke6 43. Rd8 Rf5+ 44. Ke4 Re5+ 45. Kd4 Ke7
46. Rd5 Re2 47. Rxb5 Rxf2 48. Ke3 Rh2 49. Rb6 Rg2 50. f4 Rh2 51. Ke4 Rh5 52.
Rb7+ Kd6 53. Rb6+ Ke7 54. f5 Rh4+ 55. Kd5 Rf4 56. Rb7+ Kf8 57. Ke6 Re4+ 58.
Kxf6 Re8 59. Kg6 Kg8 60. f6 Rf8 61. Rc7 1-0

[Event "Skovbo GM"]
[Site "Borup"]
[Date "2012.09.23"]
[Round "9"]
[White "Percivaldi, Martin"]
[Black "Molvig, Julius"]
[Result "1/2-1/2"]
[WhiteElo "2041"]
[BlackElo "1904"]
[PlyCount "90"]
[EventDate "2012.09.14"]
[EventType "swiss"]
[EventRounds "9"]
[EventCountry "DEN"]
[Source "ChessBase"]
[SourceDate "2012.10.19"]

1. d4 Nf6 2. c4 g6 3. g3 Bg7 4. Bg2 O-O 5. Nc3 d6 6. Nf3 c5 7. d5 Na6 8. O-O
Nc7 9. e4 Rb8 10. Qc2 b5 11. Nd2 bxc4 12. Nxc4 Nb5 13. Nxb5 Rxb5 14. Bd2 Ng4
15. Bc3 Bxc3 16. Qxc3 Rb4 17. a3 Rb5 18. h3 Nf6 19. f4 Ba6 20. b3 Qb8 21. Rab1
Nd7 22. Rfe1 Qc7 23. e5 Rbb8 24. exd6 exd6 25. Na5 Bb7 26. Re7 Rfe8 27. Rbe1
Rxe7 28. Rxe7 Qd8 29. Re1 Nf6 30. Nc6 Bxc6 31. dxc6 Ne8 32. Qe3 Qb6 33. Kh2 Nc7
34. Rd1 Re8 35. Qd3 Nb5 36. Qc4 Nxa3 37. Qa4 Nb5 38. Qc4 Nd4 39. b4 Nxc6 40.
bxc5 dxc5 41. Qa4 Re2 42. Rd6 Rxg2+ 43. Kxg2 Qb2+ 44. Kh1 Qb1+ 45. Kg2 Qb2+
1/2-1/2

[Event "Skovbo GM"]
[Site "Borup"]
[Date "2012.09.23"]
[Round "9"]
[White "Petersen, Nils"]
[Black "Yildiz, Hasan"]
[Result "0-1"]
[WhiteElo "1958"]
[BlackElo "2051"]
[PlyCount "114"]
[EventDate "2012.09.14"]
[EventType "swiss"]
[EventRounds "9"]
[EventCountry "DEN"]
[Source "ChessBase"]
[SourceDate "2012.10.19"]

1. c4 Nf6 2. g3 d6 3. Bg2 g6 4. Nc3 Bg7 5. e4 O-O 6. Nge2 e5 7. O-O c6 8. d3 h6
9. h3 Be6 10. Be3 d5 11. Bc5 Re8 12. b3 d4 13. Nb1 Na6 14. Ba3 b5 15. f4 Qc8
16. fxe5 Nd7 17. cxb5 cxb5 18. Nf4 Nxe5 19. Nxe6 Qxe6 20. Qe2 Rac8 21. Rd1 Rc7
22. Nd2 Rec8 23. Nf3 Rc2 24. Qf1 b4 25. Bc1 Nxf3+ 26. Qxf3 Nc7 27. Rd2 Nb5 28.
Qd1 Qc6 29. Rxc2 Qxc2 30. Qxc2 Rxc2 31. Bf1 Nc3 32. a3 Na2 33. axb4 Nxc1 34.
Rxa7 Nxb3 35. b5 Be5 36. b6 Nd2 37. Be2 Rb2 38. Re7 Bxg3 39. b7 Kg7 40. Kg2 Bf4
41. h4 Kf6 42. Rd7 Be5 43. h5 Nxe4 44. dxe4 Rxe2+ 45. Kf3 Re3+ 46. Kf2 Rb3 47.
hxg6 fxg6 48. Rh7 h5 49. Ke2 Kg5 50. Rf7 h4 51. Rh7 Kg4 52. Re7 Kf4 53. Kd2
Kxe4 54. Kc2 Rb6 55. Rh7 d3+ 56. Kd2 g5 57. Re7 h3 0-1

[Event "Skovbo GM"]
[Site "Borup"]
[Date "2012.09.23"]
[Round "9"]
[White "Preuss, Flemming"]
[Black "Jorgensen, Alexander Torp"]
[Result "1/2-1/2"]
[WhiteElo "1990"]
[BlackElo "1584"]
[PlyCount "83"]
[EventDate "2012.09.14"]
[EventType "swiss"]
[EventRounds "9"]
[EventCountry "DEN"]
[Source "ChessBase"]
[SourceDate "2012.10.19"]

1. f4 d5 2. Nf3 g6 3. c3 Bg7 4. d3 Nf6 5. Qc2 O-O 6. e4 dxe4 7. dxe4 c6 8. Be3
Bg4 9. Nbd2 Bxf3 10. Nxf3 Qc7 11. g3 Nbd7 12. e5 Nd5 13. Bf2 f5 14. Ng5 Rfe8
15. Ne6 Qc8 16. Nxg7 Kxg7 17. O-O-O e6 18. Be2 Qc7 19. c4 N5b6 20. h4 h5 21.
Rd6 Re7 22. Rhd1 Nc8 23. Qc3 Kf7 24. Bf3 Qd8 25. R6d2 Qc7 26. a4 a5 27. b3 c5
28. Kc2 Rb8 29. Be3 b6 30. Rd3 Na7 31. Rd6 Rbe8 32. Qd2 Nb8 33. Qg2 Kf8 34. Kc3
Kf7 35. Qe2 Rh8 36. Qd3 Rhe8 37. Rd8 Rxd8 38. Qxd8 Qxd8 39. Rxd8 Re8 40. Rd6
Nc8 41. Rd2 Re7 42. Rd8 1/2-1/2

[Event "Skovbo GM"]
[Site "Borup"]
[Date "2012.09.23"]
[Round "9"]
[White "Schmidt, Horst Hubert"]
[Black "Hansen, Janech"]
[Result "1-0"]
[WhiteElo "1863"]
[BlackElo "1599"]
[PlyCount "55"]
[EventDate "2012.09.14"]
[EventType "swiss"]
[EventRounds "9"]
[EventCountry "DEN"]
[Source "ChessBase"]
[SourceDate "2012.10.19"]

1. e4 e5 2. Nf3 Nc6 3. Nc3 Nf6 4. Be2 Be7 5. O-O d6 6. d4 exd4 7. Nxd4 Ne5 8.
Bg5 c6 9. Kh1 h6 10. Bxf6 Bxf6 11. f4 Ng6 12. Qd2 h5 13. Rad1 Bg4 14. Nf5 Bxf5
15. exf5 Nh4 16. Qe3+ Kf8 17. Ne4 Nxf5 18. Qa3 Be7 19. Ng5 Qb6 20. Rd3 d5 21.
Qc3 Re8 22. Qe5 Nd6 23. f5 Nc4 24. Ne6+ fxe6 25. fxe6+ Bf6 26. Rxf6+ gxf6 27.
Qxf6+ Kg8 28. Qf7# 1-0

[Event "Skovbo GM"]
[Site "Borup"]
[Date "2012.09.23"]
[Round "9"]
[White "Semcesen, Daniel"]
[Black "Zubarev, Alexander2"]
[Result "1/2-1/2"]
[WhiteElo "2466"]
[BlackElo "2590"]
[PlyCount "66"]
[EventDate "2012.09.14"]
[EventType "swiss"]
[EventRounds "9"]
[EventCountry "DEN"]
[Source "ChessBase"]
[SourceDate "2012.10.19"]

1. d4 g6 2. c4 Bg7 3. e4 d6 4. Nf3 e5 5. Bg5 f6 6. Be3 Nh6 7. dxe5 dxe5 8.
Qxd8+ Kxd8 9. h3 Be6 10. Nc3 Nf7 11. O-O-O+ Nd7 12. c5 c6 13. Nd2 Kc7 14. Bc4
Nd8 15. b4 a5 16. b5 a4 17. b6+ Kc8 18. Bxe6 Nxe6 19. Nc4 Ndxc5 20. Rd6 f5 21.
Rhd1 f4 22. Bxc5 Nxc5 23. Nd5 cxd5 24. R1xd5 Nxe4 25. Rd7 Bf6 26. f3 Kb8 27.
Rc7 Ra6 28. Rdd7 Nc3 29. Rxb7+ Ka8 30. Nd6 Rd8 31. Ra7+ Rxa7 32. Rxa7+ Kb8 33.
Rb7+ Ka8 1/2-1/2

[Event "Skovbo GM"]
[Site "Borup"]
[Date "2012.09.23"]
[Round "9"]
[White "Skovle, Lars"]
[Black "Brondum, Jan Kraul"]
[Result "1-0"]
[WhiteElo "1658"]
[BlackElo "1625"]
[PlyCount "39"]
[EventDate "2012.09.14"]
[EventType "swiss"]
[EventRounds "9"]
[EventCountry "DEN"]
[Source "ChessBase"]
[SourceDate "2012.10.19"]

1. e4 e5 2. Nf3 d6 3. d4 f5 4. Nc3 fxe4 5. Nxe4 d5 6. Nc3 e4 7. Ne5 Nf6 8. Bg5
c6 9. Be2 g6 10. f3 exf3 11. Bxf3 Bg7 12. Qd2 O-O 13. O-O-O Na6 14. h4 Re8 15.
h5 Bf5 16. g4 Qa5 17. gxf5 Nb4 18. a3 Ne4 19. Bxe4 dxe4 20. f6 1-0

[Event "Skovbo GM"]
[Site "Borup"]
[Date "2012.09.23"]
[Round "9"]
[White "Smith, Axel"]
[Black "Pedersen, Hans Dahl"]
[Result "1-0"]
[WhiteElo "2503"]
[BlackElo "2211"]
[PlyCount "131"]
[EventDate "2012.09.14"]
[EventType "swiss"]
[EventRounds "9"]
[EventCountry "DEN"]
[Source "ChessBase"]
[SourceDate "2012.10.19"]

1. e4 c5 2. Nf3 e6 3. d4 cxd4 4. Nxd4 a6 5. Bd3 Bc5 6. Nb3 Ba7 7. O-O Ne7 8. e5
Nbc6 9. Bf4 Ng6 10. Bxg6 hxg6 11. N1d2 Qh4 12. Bg3 Qh5 13. Nc4 Qxd1 14. Raxd1
b5 15. Nd6+ Ke7 16. Kh1 Rb8 17. Rd2 Nb4 18. a3 Nd5 19. Nd4 Bb7 20. Rfd1 Bc5 21.
Nf3 Bxd6 22. exd6+ Ke8 23. Ne5 Rc8 24. Kg1 Rh6 25. Nd3 f6 26. Ra1 Kf7 27. b4
Bc6 28. Nc5 Ra8 29. f3 a5 30. bxa5 Rxa5 31. Nb3 Ra4 32. Rd4 Rh8 33. Rxa4 bxa4
34. Na5 Rc8 35. c4 Ne3 36. Bf2 Nf5 37. c5 e5 38. Rb1 Ke6 39. Rb4 Kd5 40. Nc4
Ke6 41. Nb6 Rb8 42. Kf1 Rb7 43. Ke2 Ra7 44. Kd3 g5 45. Rb2 Nh4 46. Be1 f5 47.
Ke3 Ng6 48. g3 f4+ 49. Ke2 Kf5 50. Bc3 g4 51. fxg4+ Kxg4 52. gxf4 Nxf4+ 53. Kd2
e4 54. Ke3 g5 55. Rf2 Kh3 56. Bd2 Ng2+ 57. Kd4 g4 58. Nc4 Rb7 59. Na5 Ra7 60.
Nxc6 dxc6 61. Kxe4 Kxh2 62. Ke5 g3 63. Bf4 Ra5 64. Rc2 Kh3 65. d7 Ra8 66. Rxg2
1-0

[Event "Skovbo GM"]
[Site "Borup"]
[Date "2012.09.23"]
[Round "9"]
[White "Solodovnichenko, Yuri"]
[Black "Miezis, Normunds"]
[Result "1/2-1/2"]
[WhiteElo "2602"]
[BlackElo "2574"]
[PlyCount "113"]
[EventDate "2012.09.14"]
[EventType "swiss"]
[EventRounds "9"]
[EventCountry "DEN"]
[Source "ChessBase"]
[SourceDate "2012.10.19"]

1. e4 c5 2. Nf3 e6 3. d4 cxd4 4. Nxd4 a6 5. c4 Nf6 6. Nc3 Bb4 7. Qd3 O-O 8. e5
Ne8 9. Bf4 d6 10. Nc2 Bxc3+ 11. Qxc3 dxe5 12. Rd1 Qe7 13. Bxe5 Nc6 14. Bg3 f5
15. Be5 f4 16. g3 Nxe5 17. Qxe5 Qf7 18. gxf4 Qxf4 19. Qxf4 Rxf4 20. Ne3 Nf6 21.
Rd8+ Kf7 22. Bg2 Ke7 23. Rh8 Rd4 24. c5 Rd8 25. Rxd8 Kxd8 26. Nc4 Kc7 27. Nb6
Rb8 28. Kd2 Bd7 29. Re1 Bc6 30. Bxc6 Kxc6 31. b4 Re8 32. f4 g6 33. Kc3 Nd5+ 34.
Nxd5 Kxd5 35. Rd1+ Kc6 36. Rd6+ Kc7 37. Kd4 Rf8 38. Ke4 Rf5 39. Rxe6 Rh5 40. a4
Rxh2 41. Kd5 Rh5+ 42. Re5 Rh1 43. Re7+ Kc8 44. b5 axb5 45. axb5 Rd1+ 46. Kc4 h5
47. Kb4 b6 48. cxb6 Rd4+ 49. Ka5 Rxf4 50. b7+ Kb8 51. Ka6 Rf8 52. Rh7 g5 53.
Rxh5 Rg8 54. Rh3 g4 55. Rg3 Rg6+ 56. b6 Rxb6+ 57. Kxb6 1/2-1/2

[Event "Skovbo GM"]
[Site "Borup"]
[Date "2012.09.23"]
[Round "9"]
[White "Teplyi, Igor"]
[Black "Sriram, Jha"]
[Result "1/2-1/2"]
[WhiteElo "2377"]
[BlackElo "2422"]
[PlyCount "100"]
[EventDate "2012.09.14"]
[EventType "swiss"]
[EventRounds "9"]
[EventCountry "DEN"]
[Source "ChessBase"]
[SourceDate "2012.10.19"]

1. d4 d5 2. c4 c6 3. Nf3 Nf6 4. e3 a6 5. Bd3 g6 6. b3 Bg7 7. Bb2 O-O 8. O-O b6
9. Nc3 Bb7 10. Qe2 Nbd7 11. cxd5 cxd5 12. a4 Ne4 13. Rfc1 Re8 14. Na2 a5 15.
Bb5 Nd6 16. Bc6 Bxc6 17. Rxc6 Rc8 18. Rac1 Rxc6 19. Rxc6 Nb8 20. Rc2 Qd7 21.
Nc3 Qf5 22. Ba3 Rc8 23. Bxd6 exd6 24. Ne1 Kf8 25. Qb5 Rc6 26. Qxd5 Qe6 27. Qxe6
fxe6 28. Nb5 Rxc2 29. Nxc2 Ke7 30. Kf1 d5 31. Ke2 Kd7 32. h3 Nc6 33. Ne1 e5 34.
dxe5 Bxe5 35. Nd3 Bh8 36. Nf4 Nb4 37. Nd3 Na6 38. f3 Kc6 39. Kd2 Bf6 40. Kc2
Bg7 41. Nd4+ Kd6 42. Ne2 Bh6 43. f4 Bg7 44. g4 Nc7 45. Nd4 Na6 46. Nf3 Bf6 47.
h4 Ke7 48. Kd2 Nb8 49. Nde5 Na6 50. Nd3 Nb8 1/2-1/2

[Event "Skovbo GM"]
[Site "Borup"]
[Date "2012.09.23"]
[Round "9"]
[White "Vesterli, Michael E"]
[Black "Christensen, Casper"]
[Result "1/2-1/2"]
[WhiteElo "2037"]
[BlackElo "1995"]
[PlyCount "37"]
[EventDate "2012.09.14"]
[EventType "swiss"]
[EventRounds "9"]
[EventCountry "DEN"]
[Source "ChessBase"]
[SourceDate "2012.10.19"]

1. d4 Nf6 2. c4 g6 3. Nc3 Bg7 4. e4 d6 5. Nf3 O-O 6. Be2 e5 7. O-O Nc6 8. d5
Ne7 9. Ne1 Nd7 10. Nd3 f5 11. Bd2 Nf6 12. f3 c5 13. b4 cxb4 14. Nxb4 Qb6+ 15.
Kh1 Qxb4 16. Na4 Qa3 17. Bc1 Qb4 18. Bd2 Qa3 19. Bc1 1/2-1/2

[Event "Skovbo GM"]
[Site "Borup"]
[Date "2012.09.23"]
[Round "9"]
[White "Vijayalakshmi, Subbaraman"]
[Black "Mikkelsen, Nikolaj"]
[Result "0-1"]
[WhiteElo "2387"]
[BlackElo "2425"]
[PlyCount "134"]
[EventDate "2012.09.14"]
[EventType "swiss"]
[EventRounds "9"]
[EventCountry "DEN"]
[Source "ChessBase"]
[SourceDate "2012.10.19"]

1. Nf3 Nf6 2. g3 g6 3. Bg2 Bg7 4. O-O O-O 5. c4 d6 6. Nc3 c6 7. d4 Qb6 8. b3 e5
9. dxe5 dxe5 10. e4 Bg4 11. Qc2 Bxf3 12. Bxf3 Rd8 13. Be3 Qc7 14. Rad1 Nbd7 15.
Bg2 Ng4 16. Bc1 Nf8 17. Bh3 Nh6 18. Be3 f6 19. b4 Nf7 20. Qb3 Bh6 21. Bxh6 Nxh6
22. b5 Nf7 23. c5 Kg7 24. b6 axb6 25. cxb6 Qe7 26. Rxd8 Nxd8 27. Rd1 Nde6 28.
Bxe6 Nxe6 29. Ne2 Nc5 30. Qc2 Nd7 31. Rb1 Ra6 32. Nc1 Rxb6 33. Rxb6 Nxb6 34.
Nd3 Nd7 35. a4 Qd6 36. a5 Qa3 37. Qb1 Kh6 38. Qxb7 Qxd3 39. Qxc6 Nb8 40. Qxf6
Qb1+ 41. Kg2 Qxe4+ 42. Kg1 Qb1+ 43. Kg2 Qb7+ 44. Kg1 Nc6 45. Qf8+ Qg7 46. Qf3
Qd7 47. a6 Kg7 48. Qe4 Qc7 49. h4 Kf6 50. Qf3+ Ke6 51. Qb3+ Kd6 52. Qa3+ Kd5
53. h5 gxh5 54. Qf3+ Kc5 55. Qxh5 Kb6 56. Qe2 Nd4 57. Qa2 Ka7 58. Qa3 Nc6 59.
Kg2 Nb8 60. Qe3+ Kxa6 61. f4 exf4 62. Qxf4 Qxf4 63. gxf4 Kb6 64. Kg3 Kc6 65.
Kg4 Kd6 66. Kg5 Nd7 67. Kh6 Nf6 0-1

[Event "Skovbo GM"]
[Site "Borup"]
[Date "2012.09.23"]
[Round "9"]
[White "Wang, Peter"]
[Black "Christensen, Henrik"]
[Result "0-1"]
[WhiteElo "1971"]
[BlackElo "2026"]
[PlyCount "98"]
[EventDate "2012.09.14"]
[EventType "swiss"]
[EventRounds "9"]
[EventCountry "DEN"]
[Source "ChessBase"]
[SourceDate "2012.10.19"]

1. d4 d5 2. Nf3 Nf6 3. e3 e6 4. Bd3 c5 5. b3 cxd4 6. exd4 Nc6 7. a3 Qc7 8. Bb2
Bd6 9. Qe2 O-O 10. O-O b6 11. Ne5 Bb7 12. g4 Ne4 13. f3 Nxd4 14. Bxd4 Bxe5 15.
Bxe5 Qxe5 16. Ra2 Qd4+ 17. Kg2 Nc5 18. Rd1 Qf4 19. Nc3 Rac8 20. Qf2 d4 21. Ne2
Qxg4+ 22. Ng3 Nxd3 23. Rxd3 e5 24. h3 Qg5 25. Kh2 Qf4 26. Kg1 Rc6 27. Ne2 Rg6+
28. Kh1 Qf5 29. Kh2 Be4 30. Rd2 Qxf3 31. Qxf3 Bxf3 32. Ng3 Bd5 33. Ra1 Rc8 34.
Re1 Re6 35. h4 Rc3 36. Rg1 Kf8 37. Rf1 g6 38. h5 Rec6 39. Rff2 f5 40. Nxf5 gxf5
41. Rxf5+ Ke7 42. Rxe5+ Kd6 43. Ree2 Kc5 44. Re7 Kd6 45. Rxh7 Rxc2 46. Rxc2
Rxc2+ 47. Kg1 d3 48. Kf1 d2 49. Ke2 Bf3+ 0-1